000
00259nam a2200097Ia 4500
001
815883
005
20250826171705.0
008
250824s9999 xx 000 0 und d
245
0
_a
RÜZGAR BENİM ARKADAŞIM
_c
AYDOĞAN YAVAŞLI
260
_b
KIRMIZI KEDİ YAYINLARI
999
_c
815883
_d
815883